000 00679nam a2200229 a 4500
001 51097
003 BD-RjUL
005 20211209075617.0
008 160829s1963 nyua 000 0 eng
035 _a(BD-RjUL)51217
040 _aDLC
_cCarP
_dDLC
_dBD-RjUL
_beng
041 _aeng
082 _223
_a512.896
_bHOM 1963
100 1 _aHorst, Paul,
_d1903-
_9152860
245 1 0 _aMatrix algebra for social scientists /
_cPaul Horst
260 _aNew York :
_bHolt, Rinehart and Winston,
_c1963
300 _axxi, 517 p. :
_bill. ;
_c24 cm.
500 _aIncludes Index
650 0 _aSocial sciences
_xMathematical models.
_9152861
650 0 _aMatrices.
_9118267
942 _2ddc
_cBK
999 _c51097
_d51097